00923 a2200217 4500010001400000020002300014035001300037037001600050082000800066090001700074100002200091245011500113260003600228270014800264300002500412490005300437500005000490942002100540999001500561952012900576 aENG-89110 a8124603308c360.00 aEN-72643 bDBAD / PUB14a250 c10236d10236 aVijay Kumar Singh aSects in Tibetan Buddhism:bcomparison of practices between Gelugpa and Nyingmapa sects/cby Vijay Kumar Singh bD.K Printworldc2006aNew Delhi a'Sri Kunj ', F-52. Bali Nnager Ramesh Nager Metro StationbNew Delhie110015k011-25453975, 011-25466019l01125465926mdkprintworld@vsnl.net axv,184pc23cm (Hb ) aEmerging perceptions in Buddhist studies; no. 21 aIncludes bibliographical references and index adplcENk250/SIN c9996d9996 00102ddc40718NFICaDBADbDBADeDBAD/PUBg360.00l0o250pEN-72643r2008-09-15 00:00:00t1u11015v360.00w2008-09-15yEN